Cambio global : causas y consecuencias /

Na minha lista:
Detalhes bibliográficos
Autor principal: Castro Romero, Telma (autor)
Outros Autores: Muñoz Villers, Lyssette (autor) (autor), Peralta Rosales, Oscar (autor) (autor)
Formato: Livro
Idioma:espanhol
Publicado em: México : Siglo XXI : UNAM, Dirección General de Divulgación de la Ciencia, 2015, c2015
Colecção:(Nuestra Huella en el Planeta ; 3)
Assuntos:
Tags: Adicionar Tag
Sem tags, seja o primeiro a adicionar uma tag!

MARC

LEADER 00000nam^a2200000^a^4500
001 000399850
005 20250521000000.0
009 20260310121603.849
020 |a 978-607-03-0703-4 
020 |a 978-607-02-7289-9 
020 |a 978-607-03-0697-6 
020 |a 978-607-02-7180-9 
037 |a Acervo ITESO - Biblioteca 
041 |a ESP 
082 |a 628. 5  |b NUE V. 3 
100 |a Castro Romero, Telma  |e (autor) 
245 1 0 |a Cambio global :  |b causas y consecuencias /  |c T. Castro Romero, L. Muñoz Villers, O. Peralta Rosales. 
264 4 |a México :  |b Siglo XXI :  |b UNAM, Dirección General de Divulgación de la Ciencia,  |c 2015, c2015 
300 |a 70 p. 
336 |a texto  |b txt  |2 rdacontenido 
337 |a sin mediación  |b n  |2 rdamedio 
338 |a volumen  |b nc  |2 rdasoporte 
440 1 |a (Nuestra Huella en el Planeta ;  |v 3) 
521 |a FIL 2017 EEnlace Centro de Promoción Cultural 
649 |a XX 
650 |a Cambio Climático -  |x Tema Principal 
650 |a Impacto Ambiental -  |x Tema Principal 
650 |a Climatología 
650 |a Meteorología 
650 |a Ciencias de la Tierra 
650 |a Ecología Social 
650 |a Ciencias Ambientales 
700 |a Muñoz Villers, Lyssette  |e (autor) 
700 |a Peralta Rosales, Oscar  |e (autor) 
910 |a Fondo General 
920 |a Impresos - Libros 
930 |a Colección General 
905 |a 101 
901 |a 0500294827  |b IT1  |c ACC  |i c158235  |u 20250521 
902 |a https://opac.biblio.iteso.mx/vufind/Record/000399850